<?xml version="1.0" encoding="UTF-8"?>
<collection xmlns="http://www.loc.gov/MARC21/slim">
  <record>
    <leader>00000nam  2200000   4500</leader>
    <controlfield tag="001">INLIS000000000020345</controlfield>
    <controlfield tag="005">20250613031955</controlfield>
    <datafield tag="035" ind1="#" ind2="#">
      <subfield code="a">0010-0625000087</subfield>
    </datafield>
    <controlfield tag="007">ta</controlfield>
    <controlfield tag="008">250613################|##########|#|##</controlfield>
    <datafield tag="084" ind1="#" ind2="#">
      <subfield code="a">R 0039 PKN I 2024</subfield>
    </datafield>
    <datafield tag="100" ind1=" " ind2="#">
      <subfield code="a">Aji Muhammad Fitra Firnanda</subfield>
    </datafield>
    <datafield tag="245" ind1="1" ind2="#">
      <subfield code="a">Kebijakan Pembiayaan Perumahan Masyarakat Berpenghasilan Rendah (MBR) Melalui Pembentukan Dana Abadi Daerah (DAD) /</subfield>
      <subfield code="c">Aji Muhammad Fitra Firnanda</subfield>
    </datafield>
    <datafield tag="260" ind1="#" ind2="#">
      <subfield code="a">Jakarta :</subfield>
      <subfield code="b">Pusbangkom Pimnas dan Manajerial ASN,</subfield>
      <subfield code="c">2024</subfield>
    </datafield>
    <datafield tag="300" ind1="#" ind2="#">
      <subfield code="a">200 hlm. ;</subfield>
      <subfield code="c">30 cm</subfield>
    </datafield>
    <datafield tag="650" ind1="#" ind2="4">
      <subfield code="a">Dana Abadi Daerah</subfield>
    </datafield>
    <datafield tag="520" ind1="#" ind2="#">
      <subfield code="a">Kebijakan Pembiayaan Perumahan MBR melalui Pembentukan Dana Abadi Daerah (DAD), yaitu suatu kebijakan intervensi untuk menguatkan dan memfasilitasi penyelenggaraan perumahan MBR,  dengan membentuk DAD dengan memanfaatkan Silpa APBD dalam mengatasi keterbatasan biaya dan mengoptimalkan kolaborasi antara pemerintah pusat dan pemerintah daerah dalam mengatasi backlog perumahan. Dengan Kalimantan Timur sebagai Pilot Project yang kemudian nantinya akan diimplementasikan secara nasional.</subfield>
    </datafield>
    <datafield tag="990" ind1="#" ind2="#">
      <subfield code="a">2024/1.2.1/A/0039</subfield>
    </datafield>
  </record>
</collection>
